[Event "Varde Weekend Grp1"]
[Site "Varde"]
[Date "2018.05.06"]
[Round "4"]
[White "Schou Jorgensen, Jan"]
[Black "Pedersen, Lars Wisler"]
[Result "1/2-1/2"]
[WhiteElo "1717"]
[BlackElo "1841"]
[PlyCount "58"]
[EventDate "2018.05.04"]
[EventType "tourn"]
[EventRounds "5"]
[EventCountry "DEN"]
[SourceTitle "EXT 2023"]
[Source "ChessBase"]
[SourceDate "2022.10.05"]
[SourceVersion "1"]
[SourceVersionDate "2022.10.05"]
[SourceQuality "1"]

1. d4 f5 2. Nf3 Nf6 3. c4 g6 4. Nc3 Bg7 5. g3 d6 6. Bg2 0-0 7. 0-0 Nc6 8. d5 Ne5 9. Nxe5 dxe5 10. Bg5 e4 11. f3 exf3 12. exf3 e5 13. Qd2 Qd6 14. Be3 Bd7 15. a3 Nh5 16. Bf2 Rad8 17. Rfd1 b6 18. Rac1 f4 19. Nb5 Bxb5 20. cxb5 Nf6 21. Bh3 Rfe8 22. Rc6 Qf8 23. d6 cxd6 24. Rxd6 Rxd6 25. Qxd6 Qxd6 26. Rxd6 Re7 27. Be6+ Kf8 28. b4 Rc7 29. Rc6 Rb7 1/2-1/2

[Event "Varde Weekend Grp1"]
[Site "Varde"]
[Date "2017.05.07"]
[Round "5"]
[White "Easwaralingam, Adesh"]
[Black "Schou Jorgensen, Jan"]
[Result "1-0"]
[WhiteElo "1879"]
[BlackElo "1739"]
[PlyCount "73"]
[EventDate "2017.05.05"]
[EventType "tourn"]
[EventRounds "5"]
[EventCountry "DEN"]
[SourceTitle "EXT 2023"]
[Source "ChessBase"]
[SourceDate "2022.10.05"]
[SourceVersion "1"]
[SourceVersionDate "2022.10.05"]
[SourceQuality "1"]

1. e4 e6 2. d3 d5 3. Nd2 c5 4. Ngf3 Nf6 5. g3 Nc6 6. Bg2 Bd6 7. 0-0 0-0 8. Re1 e5 9. exd5 Nxd5 10. Nc4 Bg4 11. h3 Bxf3 12. Bxf3 Nb6 13. Bxc6 bxc6 14. Nxe5 Qc7 15. f4 Bxe5 16. Rxe5 Nd7 17. Re2 Qd6 18. Qe1 Nf6 19. b3 Rfe8 20. Bb2 Rxe2 21. Qxe2 Re8 22. Qf2 h6 23. Be5 Qe6 24. Kg2 Nd7 25. Bb2 Qd5+ 26. Kh2 f6 27. Re1 Rxe1 28. Qxe1 Kf7 29. Qe4 Qe6 30. Qxe6+ Kxe6 31. g4 Nb6 32. f5+ Kd6 33. a3 Nd7 34. Kg3 Kd5 35. Kf4 Ne5 36. Bxe5 fxe5+ 37. Ke3 1-0

[Event "Varde Weekend Grp1"]
[Site "Varde"]
[Date "2017.05.06"]
[Round "3"]
[White "Schou Jorgensen, Jan"]
[Black "Nissen, Niels Peter"]
[Result "1/2-1/2"]
[WhiteElo "1739"]
[BlackElo "1727"]
[PlyCount "40"]
[EventDate "2017.05.05"]
[EventType "tourn"]
[EventRounds "5"]
[EventCountry "DEN"]
[SourceTitle "EXT 2023"]
[Source "ChessBase"]
[SourceDate "2022.10.05"]
[SourceVersion "1"]
[SourceVersionDate "2022.10.05"]
[SourceQuality "1"]

1. d4 Nf6 2. Nf3 d5 3. c4 c6 4. Nc3 Bf5 5. e3 e6 6. Bd3 Bg6 7. 0-0 Nbd7 8. a3 a5 9. b3 Bd6 10. Re1 0-0 11. Bxg6 hxg6 12. e4 dxe4 13. Nxe4 Nxe4 14. Rxe4 Nf6 15. Re1 Qc7 16. h3 Rad8 17. Qc2 c5 18. Bb2 cxd4 19. Bxd4 Bc5 20. Bxc5 Qxc5 1/2-1/2